Catálogo
 En Linea

Andrés López de Medrano : (Registro nro. 47537)

Detalles MARC
000 -CABECERA
campo de control de longitud fija 01164nam a2200241 a 4500
001 - NÚMERO DE CONTROL
campo de control 000048049
003 - IDENTIFICADOR DEL NÚMERO DE CONTROL
campo de control OSt
005 - FECHA Y HORA DE LA ÚLTIMA TRANSACCIÓN
campo de control 20201210104532.0
008 - DATOS DE LONGITUD FIJA--INFORMACIÓN GENERAL
campo de control de longitud fija 181109s2016 dr 000 0 spa d
020 ## - NÚMERO INTERNACIONAL ESTÁNDAR DEL LIBRO
Número Internacional Estándar del Libro 9788460881148
040 ## - FUENTE DE LA CATALOGACIÓN
Centro catalogador/agencia de origen DO-SdBNP
Lengua de catalogación spa
Centro/agencia transcriptor BNPHU
082 ## - NÚMERO DE LA CLASIFICACIÓN DECIMAL DEWEY
Número de documento/Ítem A795a
100 1# - ENTRADA PRINCIPAL--NOMBRE DE PERSONA
Nombre de persona Arvelo, Alejandro,
Fechas asociadas al nombre 1959-
9 (RLIN) 25165
245 10 - MENCIÓN DE TÍTULO
Título Andrés López de Medrano :
Resto del título criollismo, dominicanidad e hispanismo /
Mención de responsabilidad, etc. Alejandro Arvelo.
260 ## - PUBLICACIÓN, DISTRIBUCIÓN, ETC.
Lugar de publicación, distribución, etc. Santo Domingo :
Nombre del editor, distribuidor, etc. Santuario,
Fecha de publicación, distribución, etc. 2016.
300 ## - DESCRIPCIÓN FÍSICA
Extensión 120 p. ;
Dimensiones 23 cm.
500 ## - NOTA GENERAL
Nota general Incluye referencias bibliográficas al final de los capítulos
500 ## - NOTA GENERAL
Nota general Incluye datos biográficos del autor en la solapa de la cubierta
504 ## - NOTA DE BIBLIOGRAFÍA, ETC.
Nota de bibliografía, etc. Bibliografía : p. 117-120
505 0# - NOTA DE CONTENIDO CON FORMATO
Nota de contenido con formato Prefacio --
Título Estructura social y subjetividad --
-- Religión, teodicea y estimativa --
-- ¿Silencio, indiferencia o asunción tácita de la esclavitud? --
-- Lo temporal y lo eterno --
-- La dominicanidad: ventana hacia un patriotismo sin nacionalismo --
-- El proceso de intervención --
-- La irrupción militar --
-- Núñez de Cáceres y López de Medrano: dos visiones, dos apuestas --
590 ## - NOTA LOCAL (RLIN)
Nota local Inventariado, 2018/LP
942 ## - ELEMENTOS DE PUNTO DE ACCESO ADICIONAL (KOHA)
Fuente del sistema de clasificación o colocación Dewey Decimal Classification
Tipo de ítem Koha Libro
Existencias
Estado de retiro Estado de pérdida Fuente del sistema de clasificación o colocación Restricciones de uso No para préstamo Código de colección Localización permanente Ubicación/localización actual Ubicación en estantería Fecha de adquisición Número de inventario Total de préstamos Signatura topográfica completa Código de barras Fecha visto por última vez Número de copia Precio válido a partir de Tipo de ítem Koha
    Dewey Decimal Classification Excluido de préstamo Excluido de préstamo Dominicana de Servicio Biblioteca Nacional Pedro Henríquez Ureña General Depósito 09.11.2018 LF1   A795a 48049-30 25.06.2020 e. 3 25.06.2020 Libro y Folleto Colección Dominicana de Servicio
    Dewey Decimal Classification Préstamo en sala   Dominicana de Servicio Biblioteca Nacional Pedro Henríquez Ureña General Depósito 09.11.2018 LF1   A795a 48049-40 25.06.2020 e. 4 25.06.2020 Libro y Folleto Colección Dominicana de Servicio
    Dewey Decimal Classification Excluido de préstamo Excluido de préstamo Patrimonio Dominicano Biblioteca Nacional Pedro Henríquez Ureña Patrimonio Dominicano Depósito 09.11.2018 LF1   A795a 48049-10 25.06.2020   25.06.2020 Libro y Folleto Colección Patrimonio Dominicano
    Dewey Decimal Classification Excluido de préstamo Préstamo restrigido Patrimonio Dominicano Biblioteca Nacional Pedro Henríquez Ureña Patrimonio Dominicano Depósito 09.11.2018 LF1   A795a 48049-20 25.06.2020 e. 2 25.06.2020 Libro y Folleto Colección Patrimonio Dominicano
    Dewey Decimal Classification Préstamo en sala   Dominicana de Servicio Biblioteca Nacional Pedro Henríquez Ureña Patrimonio Dominicano Depósito 10.12.2020     A795a 2020-0684 10.12.2020 e. 5 10.12.2020 Libro y Folleto Colección Dominicana de Servicio

Con tecnología Koha